Statistics for Top 10 most populous cities in China

Click here to take the quiz!

General Stats

  • This quiz has been taken 15 times
  • The average score is 7 of 10

Answer Stats

RankAnswer% Correct
2Beijing
100%
1Shanghai
92%
9Wuhan
83%
3Guangzhou
75%
4Shenzhen
75%
6Tianjin
75%
10Xi'an
75%
5Chengdu
58%
7Chongqing
50%
8Nanjing
50%

Score Distribution

Percentile by Number Answered

Percent of People with Each Score

Your Score History

You have not taken this quiz